TOP 100 Manga (selon My Anime List) - Statistiques

Statistiques générales
  • Ce quiz a été pris 2 035 fois
    1 994 depuis la dernière actualisation
  • Le résultat moyen est 9 sur 100
Statistiques - réponses
Date de publication Volumes Score ⭐/10 Réponse % Correct
3 Juillet 1997 - En cours 103+ 9.21 One Piece
96%
76 Septembre 2009 - Avril 2021 34 8.56 L'attaque des Titans
53%
33 Mars 1998 - En Hiatus 36+ 8.72 Hunter x Hunter
47%
34 Décembre 2003 - Mai 2006 12 8.70 Death Note
41%
1 Août 1989 - En cours 41+ 9.46 Berserk
38%
82 Mars 2018 - En cours 20+ 8.54 Jujutsu Kaisen
38%
7 Juillet 2001 - Septembre 2010 27 9.04 Fullmetal Alchemist
35%
89 Septembre 2011 - Septembre 2014 14 8.52 Tokyo Ghoul
25%
29 Juin 2012 - En cours 26+ 8.75 One Punch Man
24%
30 Decembre 2018 - En cours 11+ 8.75 Chainsaw Man
21%
21 Février 2012 - Juillet 2020 45 8.85 Haikyuu!!
21%
5 Décembre 1994 -Décembre 2001 18 9.14 Monster
21%
10 Avril 2005 - En cours 26+ 9.00 Vinland Saga
21%
17 Décembre 1996 - Janvier 2002 25 8.89 GTO
20%
6 Septembre 1990 - Juin 1996 31 9.07 Slam Dunk
20%
11 Janvier 2006 - En cours 65+ 8.99 Kingdom
19%
28 Mai 2000 - Mai 2009 21 8.77 Nana
18%
37 Septembre 1989 - En cours 135+ 8.69 Hajime no Ippo
17%
4 Septembre 1998 - Mai 2015 37 9.20 Vagabond
17%
15 Mai 2015 - En cours 26+ 8.92 Kaguya-sama: Love is War
14%
69 Décembre 1994 - Juin 2013 14 8.57 Neon Genesis Evangelion
14%
55 Décembre 2003 - Juin 2019 77 8.62 Gintama
13%
50 Mars 2019 - En cours 9+ 8.64 Spy x Family
12%
60 Avril 2011 - Février 2015 11 8.60 Your Lie in April
12%
13 Septembre 1999 - Avril 2006 22 8.94 20th century boys
11%
8 Mars 2007 - Novembre 2013 13 9.02 Bonne nuit Punpun
10%
87 Avril 2020 - En cours 8+ 8.52 Oshi no Ko
10%
42 Décembre 1982 - Juin 1990 6 8.68 Akira
9%
61 Avril 2020 - En cours 8+ 8.60 Frieren
9%
32 Avril 2022 - Avril 2022 1 8.73 Goodbye Eri
9%
56 Septembre 2003 - Avril 2009 8 8.61 Pluto
8%
35 Mars 2018 - Décembre 2021 13 8.70 Solo Leveling
8%
20 Août 2013 - Novembre 2014 7 8.86 A silent voice
7%
85 Juillet 1998 - Novembre 2006 23 8.52 Fruits Basket
7%
2 Janvier 2004 - Avril 2011 24 9.28 Jojo's Bizarre adventure : Steel Ball Run
7%
16 Octobre 1999 - En Hiatus 15+ 8.91 Real
7%
9 Avril 2014 - En cours 18+ 9.03 Grand Blue
6%
26 Octobre 2012 - En cours 11+ 8.78 Made In Abyss
6%
57 Avril 2012 - Décembre 2017 16 8.60 Mob Psycho 100
6%
59 Janvier 2015 - En cours 29+ 8.60 Ao Ashi
5%
45 2007 - 2012 17 8.67 Ascension
5%
14 Janvier 1968 - Mai 1973 20 8.93 Ashita no Joe
5%
52 Avril 1985 - Mars 1994 19 8.63 Banana Fish
5%
72 Avril 1994 - Septembre 1999 28 8.56 Kenshin le vagabond
4%
43 Novembre 2000 - Septembre 2018 23 8.68 Dorohedoro
3%
Octobre 2012 - En cours 11+ 8.96 L'ère des cristaux
3%
92 Mars 2018 - En cours 18+ 8.51 Bakemonogatari
2%
41 Février 2000 - Juin 2008 34 8.68 Beck
2%
47 Juin 2017 - En cours 12+ 8.87 Blue Period
2%
67 Avril 2013 - En cours 7+ 8.57 Given
2%
99 Décembre 2015 - En cours 10+ 8.50 Les mémoires de Vanitas
2%
83 Juin 2001 - Juin 2004 24 8.53 Mobile Suit Gundam - The Origin
2%
64 Mai 2006 - Mars 2015 24 8.58 Pandora Hearts
2%
22 Août 2009 - En cours 38+ 8.83 Yona : Princesse de l'aube
2%
19 Mars 2003 - En cours 15+ 8.87 Yotsuba & !
2%
74 Août 2015 - En cours 31+ 8.56 Ace of Diamond Act II
1%
90 Juillet 2013 - Août 2017 16 8.52 Apocalypse du pari - Kaiji
1%
51 Février 2002 - Février 2008 12 8.63 Aria
1%
86 Juillet 2014 - May 2016 5 8.52 Bastard
1%
73 Octobre 2008 - En cours 13+ 8.56 Bride Stories
1%
79 Décembre 2007 - Août 2022 50 8.54 Chihayafuru
1%
84 Février 2008 - Mai 2016 25 8.53 Divine Nanami
1%
40 Avril 1994 - Février 2006 14 8.68 Escale à Yokohama
1%
53 Août 2014 - Avril 2022 31 8.62 Golden Kamuy
1%
70 Avril 1992 - Novembre 1995 18 8.58 Jojo's Bizarre Adventure: Diamond is Unbreakable
1%
39 Août 2012 - En cours 26+ 8.68 Kono Oto Tomare!
1%
66 Juillet 2016 - En cours 10+ 8.57 L'Atelier des sorciers
1%
18 Juillet 2007 - En cours 16+ 8.90 March comes like a lion
1%
31 Novembre 1999 - Août 2008 10 8.73 Mushishi
1%
23 Octobre 1982 - Février 1994 7 8.83 Nausicaä de la vallée du vent
1%
63 Décembre 1966 - Février 1988 16 8.58 Phénix, l'oiseau de feu
1%
49 Octobre 2013 - Mars 2018 15 8.65 ReLIFE
1%
68 Février 2002 - En cours 48+ 8.57 Skip Beat!
1%
27 Décembre 2007 - En cours 41+ 8.78 Space Brothers
1%
36 Mars 2016 - Juillet 2016 3 8.70 The Horizon
1%
62 Décembre 2014 - En cours 19+ 8.59 Toilet-Bound Hanako-kun
1%
58 Décembre 2013 - En cours 378 chapitres+ 8.60 Wind Breaker
1%
88 Septembre 2007 - Janvier 2012 9 8.52 Apollon sur la pente
0%
46 Avril 2015 - Septembre 2019 8 8.67 Bloom Into You
0%
75 Décembre 2019 - Janvier 2022 4 8.56 Bungou Stray Dogs: Beast
0%
96 2004 - 2004 21 chapitres 8.51 Chikan Otoko
0%
94 Mars 2015 - Mai 2018 4 8.51 Éclat(s) d'âme
0%
38 Février 2014 - Janvier 2018 6 8.69 Girls' Last Tour
0%
91 Novembre 2014 - Mai 2017 6 8.52 Good Morning Little Briar-Rose
0%
65 Octobre 2019 - En cours 49 chapitres + 8.58 Heaven Official's Blessing
0%
93 Mai 2019 - En cours 9+ 8.51 Insomniaques
0%
100 Aout 2016 - Mai 2017 2 8.49 Je veux manger ton pancréas
0%
80 Novembre 2011 - Janvier 2015 5 8.54 Kakukaku shikajika
0%
44 Juin 2003 - En cours 28+ 8.67 Le Pacte des Yōkai
0%
25 Août 2016 - Octobre 2017 3 8.79 Le prix du reste de ma vie
0%
48 Septembre 1970 - Avril 1976 28 8.66 Lone Wolf and Cub
0%
71 Novembre 1998 - Août 2006 20 8.57 One Outs
0%
98 Juillet 2002 - Septembre 2010 18 8.50 Ouran Koukou Host Club
0%
78 Mars 2008 - Août 2008 1 8.54 Our Happy Hours
0%
81 Février 2016 - En cours 9+ 8.54 Sasaki et Miyano
0%
95 May 2012 - Mars 2016 6 8.51 Spirit Circle
0%
97 Octobre 2010 - Novembre 2012 6 8.50 Umineko no Naku Koro ni Chiru - Episode 5
0%
77 Avril 2011 - Mars 2015 9 8.56 Umineko no Naku Koro ni Chiru - Episode 7
0%
24 Janvier 2012 - Juin 2015 9 8.82 Umineko no Naku Koro ni Chiru - Episode 8
0%
54 Octobre 2017 - Septembre 2019 4 8.62 Will you marry me again if you are reborn?
0%
Aucun quiz correspondant
Distribution des résultats
% des personnes avec chaque résultat
Percentile par nombre de réponses
Votre historique - résultats
Vous n’avez pas pris ce quiz depuis la dernière actualisation